00518cam a22002171 4500001001300000003000400013005001700017008004100034010001700075025001600092035002000108040002100128042001200149050001900161100004100180245001000221260001600231300002100247500001500268999001700283sa 68003535 DLC20260227112453.0941010q19581959np 000 0 newo  asa 68003535  aPL480:N-477 a(OCoLC)31253104 aDLCcCUdCUdDLC apremarc00aPL3801.N59bV31 aVajracharya, Phanindra Ratna,d1931-10aCuli. c[1958 or 9] a2, 94 p.c18 cm. aIn Newari. c79556d79556